[Event "Anogia op 6th"]
[Site "Anogia"]
[Date "2017.07.10"]
[Round "1"]
[White "Pavloudakis, Georgios"]
[Black "Navrotescu, Catalin"]
[Result "0-1"]
[WhiteElo "1420"]
[BlackElo "2380"]
[PlyCount "52"]
[EventDate "2017.07.10"]
[EventType "swiss"]
[EventRounds "9"]
[EventCountry "GRE"]
[SourceTitle "CBM 179 Extra"]
[Source "ChessBase"]
[SourceDate "2017.08.23"]
[SourceVersion "1"]
[SourceVersionDate "2017.08.23"]
[SourceQuality "1"]

1. e4 c5 2. Nf3 Nc6 3. d4 cxd4 4. Nxd4 e5 5. Nb5 d6 6. N1c3 a6 7. Na3 b5 8. Nd5 Nf6 9. Bg5 Be7 10. Nxe7 Qxe7 11. Bd3 h6 12. Bh4 Be6 13. c3 0-0 14. Nc2 g5 15. Bg3 d5 16. exd5 Nxd5 17. 0-0 f5 18. f3 Nf6 19. Qe2 e4 20. fxe4 fxe4 21. Rxf6 Qxf6 22. Qxe4 Bf5 23. Qd5+ Qf7 24. Qxc6 Bxd3 25. Ne3 Rae8 26. Bd6 Qf2+ 0-1

[Event "GRE-ch U10"]
[Site "Porto Rio"]
[Date "2016.07.03"]
[Round "8"]
[White "Pavloudakis, Georgios"]
[Black "Stefanou, Konstantinos"]
[Result "1-0"]
[WhiteElo "1360"]
[BlackElo "1351"]
[PlyCount "85"]
[EventDate "2016.06.28"]
[EventType "swiss"]
[EventRounds "9"]
[EventCountry "GRE"]
[SourceTitle "CBM 173 Extra"]
[Source "ChessBase"]
[SourceDate "2016.08.29"]
[SourceVersion "1"]
[SourceVersionDate "2016.08.29"]
[SourceQuality "1"]

1. e4 c6 2. d4 d5 3. Nc3 dxe4 4. Nxe4 Bf5 5. Ng3 Bg6 6. h4 h6 7. Nf3 Nd7 8. Bd3 Bxd3 9. Qxd3 Ngf6 10. 0-0 e6 11. Bf4 Be7 12. c4 0-0 13. Rad1 Qa5 14. a3 Rac8 15. b4 Qb6 16. Qc3 Rfe8 17. Ne5 Nxe5 18. dxe5 Nh7 19. Ne4 Red8 20. Nd6 Bxd6 21. exd6 Nf6 22. c5 Qa6 23. Bxh6 Kh7 24. Bg5 Rd7 25. Bxf6 gxf6 26. h5 Qe2 27. Qxf6 Rg8 28. Rd4 Rdd8 29. d7 Rxg2+ 30. Kxg2 Rg8+ 31. Kh2 Qxf1 32. Qxf7+ Rg7 33. Qxg7+ Kxg7 34. Rg4+ Kh6 35. d8Q Qxf2+ 36. Rg2 Qf4+ 37. Kh1 Qf1+ 38. Kh2 Qf4+ 39. Kg1 Qe3+ 40. Kf1 Qf3+ 41. Rf2 Qh1+ 42. Ke2 Qxh5+ 43. Kd2 1-0

[Event "GRE-ch U10"]
[Site "Porto Rio"]
[Date "2016.07.01"]
[Round "6"]
[White "Spyratos, Nikolaos"]
[Black "Pavloudakis, Georgios"]
[Result "1-0"]
[WhiteElo "1446"]
[BlackElo "1360"]
[PlyCount "107"]
[EventDate "2016.06.28"]
[EventType "swiss"]
[EventRounds "9"]
[EventCountry "GRE"]
[SourceTitle "CBM 173 Extra"]
[Source "ChessBase"]
[SourceDate "2016.08.29"]
[SourceVersion "1"]
[SourceVersionDate "2016.08.29"]
[SourceQuality "1"]

1. e4 e5 2. Nf3 Nc6 3. d4 exd4 4. Nxd4 Nf6 5. Nxc6 bxc6 6. Qe2 Qe7 7. Nc3 d6 8. h3 Be6 9. Bf4 g6 10. 0-0-0 Bg7 11. Qd2 Rb8 12. Bd3 0-0 13. Bh6 Rb7 14. Bxg7 Kxg7 15. f4 Rfb8 16. b3 d5 17. Kb1 dxe4 18. Be2 Qa3 19. Qc1 Qa5 20. Qd2 Qa3 21. Qc1 Qb4 22. Qb2 e3 23. a3 Qxf4 24. Rhf1 Qe5 25. Na4 Qxb2+ 26. Kxb2 Re8 27. Nc5 Rbb8 28. Rde1 Bd5 29. Bf3 Bxf3 30. Rxf3 Rb5 31. Nd3 Rg5 32. g4 e2 33. Rf2 h5 34. gxh5 Rxh5 35. Nf4 Rhe5 36. Rfxe2 Rxe2 37. Rxe2 Rxe2 38. Nxe2 a6 39. Kc3 Nd5+ 40. Kd4 f5 41. c4 Nf6 42. Kc5 Nh5 43. Kxc6 f4 44. Ng1 Kf6 45. Kxc7 Ke6 46. Kb6 Kd6 47. c5+ Kd7 48. Kb7 Nf6 49. c6+ Ke7 50. c7 Ne8 51. c8Q Nd6+ 52. Kc7 Nxc8 53. Kxc8 Kd6 54. Kb7 1-0

[Event "GRE-ch U10"]
[Site "Porto Rio"]
[Date "2016.06.28"]
[Round "1"]
[White "Pavloudakis, Georgios"]
[Black "Fertakis, Dimitrios"]
[Result "1-0"]
[WhiteElo "1360"]
[BlackElo "1064"]
[PlyCount "111"]
[EventDate "2016.06.28"]
[EventType "swiss"]
[EventRounds "9"]
[EventCountry "GRE"]
[SourceTitle "CBM 173 Extra"]
[Source "ChessBase"]
[SourceDate "2016.08.29"]
[SourceVersion "1"]
[SourceVersionDate "2016.08.29"]
[SourceQuality "1"]

1. e4 e5 2. Nf3 Nf6 3. Nxe5 d6 4. Nf3 Nxe4 5. d4 d5 6. Bd3 Bf5 7. 0-0 Be7 8. Nc3 Nxc3 9. bxc3 Bxd3 10. Qxd3 0-0 11. Rb1 b6 12. Ne5 c5 13. Qg3 Bf6 14. Bf4 Nd7 15. Qf3 Nxe5 16. dxe5 Be7 17. Rbd1 d4 18. cxd4 cxd4 19. Be3 Bc5 20. Qg4 Qe7 21. Bxd4 Bxd4 22. Qxd4 Rad8 23. Qe3 Rxd1 24. Rxd1 h6 25. h3 Re8 26. Re1 f6 27. exf6 Qxe3 28. Rxe3 Rxe3 29. fxe3 gxf6 30. Kf2 Kf7 31. Kf3 Ke6 32. Kf4 f5 33. g4 fxg4 34. hxg4 Kf6 35. e4 Ke6 36. e5 Kf7 37. Kf5 Kg7 38. e6 Kf8 39. Kf6 Ke8 40. e7 a6 41. c4 a5 42. a4 Kd7 43. Kf7 Kd6 44. e8Q Kc5 45. Qb5+ Kd4 46. Qxb6+ Kxc4 47. Qxa5 Kd4 48. Qb6+ Ke4 49. Qxh6 Kd4 50. g5 Kc4 51. g6 Kb4 52. g7 Kxa4 53. g8Q Kb5 54. Qc8 Ka5 55. Qb7 Ka4 56. Qha6# 1-0

[Event "Heraklion Gazi op 10th"]
[Site "Heraklion"]
[Date "2014.07.30"]
[Round "1"]
[White "Serpetsidakis, Nikolaos"]
[Black "Pavloudakis, Georgios"]
[Result "1-0"]
[WhiteElo "1714"]
[BlackElo "1005"]
[PlyCount "53"]
[EventDate "2014.07.30"]
[EventType "swiss"]
[EventRounds "9"]
[EventCountry "GRE"]
[SourceTitle "EXT 2016"]
[Source "ChessBase"]
[SourceDate "2015.10.08"]
[SourceVersion "1"]
[SourceVersionDate "2015.10.08"]
[SourceQuality "1"]

1. d4 d5 2. c4 dxc4 3. e4 Nf6 4. Nc3 Nc6 5. Nf3 Bg4 6. d5 Ne5 7. Qa4+ Ned7 8. Ne5 e6 9. f3 Bh5 10. dxe6 fxe6 11. Bxc4 c6 12. Nxd7 Qxd7 13. Qb3 e5 14. Be3 Bf7 15. Rd1 Qc7 16. 0-0 Bxc4 17. Qxc4 Bd6 18. Rd2 0-0-0 19. Rfd1 Rhe8 20. a4 a6 21. a5 Be7 22. Bb6 Qb8 23. Qe6+ Nd7 24. Rxd7 Bc5+ 25. Bxc5 Rxe6 26. Rxd8+ Kc7 27. R1d7# 1-0